Liberalismo del siglo XIX y neoliberalismo: confrontación, el caso de Costa Rica /
Salvato in:
| Autore principale: | |
|---|---|
| Natura: | testo |
| Soggetti: | |
| Tags: |
Aggiungi Tag
Nessun Tag, puoi essere il primo ad aggiungerne!!
|
MARC
| LEADER | 00000 a a2200000 04500 | ||
|---|---|---|---|
| 001 | 18518 | ||
| 003 | |||
| 040 | |||
| 100 | |a Cob Barboza, José Pablo | ||
| 245 | |a Liberalismo del siglo XIX y neoliberalismo: confrontación, el caso de Costa Rica / |c José Pablo Cob Barboza | ||
| 650 | |a LIBERALISMO | ||
| 650 | |a NEOLIBERALISMO | ||
| 650 | |a ANALISIS HISTORICO | ||
| 650 | |a LIBERTADES CIVILES | ||
| 650 | |a EDUCACION | ||
| 650 | |a POLITICA | ||
| 650 | |a ASPECTOS ECONOMICOS | ||
| 650 | |a PRIVATIZACION | ||
| 650 | |a SOCIEDAD CIVIL | ||
| 773 | |g número 24; páginas 83-131 | ||
| 999 | |c 25681 |d 25681 | ||
